All Bobby Shmurda Songs - Statistics

General Stats
  • This quiz has been taken 49 times
    26 since last reset
  • The average score is 9 of 35
Answer Stats
Album Song % Correct
Shmoney Shmurda Hot N***a
100%
Shmurda She Wrote Bobby B***h
50%
Even Newer Single Shmoney
35%
Single No Time for Sleep (Freestyle)
30%
Bodboy Bodmon
25%
New Single Cartier Lens
25%
Bodboy From the Slums
25%
Bodboy Glock Inside
25%
Bodboy Gorilla
25%
Bodboy Hoochie Daddy
25%
Shmurda She Wrote Living Life
25%
Bodboy No Sense
25%
Bodboy On God
25%
Bodboy R S N
25%
Bodboy Whole Brick
25%
Shmurda She Wrote Wipe the Case Away
25%
Shmurda She Wrote Worldwide N***a
25%
Shmurdaville Bout That Sacc
20%
Shmurdaville Brand New Shmoney
20%
Shmurdaville CAN'T FORGET ABOUT HOT
20%
Shmoney Shmurda Computers
20%
Shmurdaville How Can I Lose
20%
Shmurdaville My N***az
20%
Shmurdaville No Games
20%
Shmurdaville This Is Shmurda
20%
Shmurdaville Trap On
20%
Shmurdaville Act Right
15%
Shmurdaville Body Dance
15%
Shmurdaville For Real
15%
Shmoney Shmurda I LOVE MY SQUAD
15%
Shmoney Shmurda Shmoney Dance
15%
Shmoney Shmurda Shyste Time
15%
Shmurdaville Shyste Time
15%
Newest Single Splash
15%
Shmurdaville Take It Easy
15%
No matching quizzes found
Score Distribution
Percent of People with Each Score
Percentile by Number Answered
Your Score History
You have not taken this quiz since the last reset